The beaver (Record no. 16590)

MARC details
000 -LEADER
fixed length control field 00619nam a2200229 i 4500
001 - CONTROL NUMBER
control field C2-0084622
003 - CONTROL NUMBER IDENTIFIER
control field PPAK
005 - DATE AND TIME OF LATEST TRANSACTION
control field 20180727090054.0
008 - FIXED-LENGTH DATA ELEMENTS--GENERAL INFORMATION
fixed length control field 970429s1983 mnua|||| ||||| | eng d
020 ## - INTERNATIONAL STANDARD BOOK NUMBER
International Standard Book Number 0896862194
040 ## - CATALOGING SOURCE
Original cataloging agency PPAK
Language of cataloging eng
Transcribing agency PPAK
Description conventions rda
082 04 - DEWEY DECIMAL CLASSIFICATION NUMBER
Classification number 599.3232
Edition number 23
090 00 - LOCALLY ASSIGNED LC-TYPE CALL NUMBER (OCLC); LOCAL CALL NUMBER (RLIN)
Classification number (OCLC) (R) ; Classification number, CALL (RLIN) (NR) 599.3232
Feature heading NEN
Feature heading G
100 1# - MAIN ENTRY--PERSONAL NAME
Personal name Nentl, Jerolyn Ann,
Relator term author
245 14 - TITLE STATEMENT
Title The beaver
264 #1 - PRODUCTION, PUBLICATION, DISTRIBUTION, MANUFACTURE, AND COPYRIGHT NOTICE
Place of production, publication, distribution, manufacture Mankato, Minnesota :
Name of producer, publisher, distributor, manufacturer Crestwood House ,
Date of production, publication, distribution, manufacture, or copyright notice 1983
300 ## - PHYSICAL DESCRIPTION
Extent 46 pages :
Other physical details illustrations ;
Dimensions 23 cm
336 ## - CONTENT TYPE
Source rdacontent
Content type term text
337 ## - MEDIA TYPE
Source rdamedia
Media type term unmediated
338 ## - CARRIER TYPE
Source rdacarrier
Carrier type term volume
942 ## - ADDED ENTRY ELEMENTS (KOHA)
-- dc
Koha item type Book
Holdings
Withdrawn Not for loan Current library Shelving location Date acquired Full call number Barcode Date last seen Koha item type
    Perpustakaan Alor Setar Pinjaman Dewasa 02/08/1997 599.3232 NEN A00014987 08/05/2018 Book
    Perpustakaan Jitra Pinjaman Dewasa 28/01/2004 599.3232 NEN A00839902 08/05/2018 Book
    Perpustakaan Kulim Pinjaman Dewasa 20/11/2003 599.3232 NEN A00321025 08/05/2018 Book